banner-ar

زواج المسيار : (Record no. 60778)

MARC details
000 -الفاتح
حقل البيانات ثابتة الطول 01044nam a2200253 4500
005 - وقت وتاريخ اخر تعامل مع التسجيلة
رقم الضبط 20240530110427.0
008 - عناصر البيانات ثابتة الطول - معلومات عامة
حقل البيانات ثابتة الطول 150326s2010 su g b 000 0 ara d
017 ## - رقم الايداع القانونى
رقم الايداع القانونى 1431/2821
المصدر ( الهيئة المختصة) السعودية . مكتبة الملك فهد
020 ## - الرقم الدولى المعيارى للكتب
الرقم الدولى المعيارى للكتاب 9786035030168
040 ## - مصدر الفهرسة
وكالة الفهرسة الأصلية EG-CaGPL
082 04 - رقم تصنيف ديوى العشرى
رقم الطبعة 21
رقم التصنيف 254.19\
رقم المادة س ز
100 0# - المدخل الرئيسى - إسم شخصى
الإسم الشخصى سهيلة زين العابدين حماد
245 10 - بيان العنوان
العنوان زواج المسيار :
بقية العنوان هل تنطبق عليه احكام الزواج والطلاق والخلع والتعدد فى الاسلام ؟ /
بيان المسئوليه,etc تاليف سهيلة زين العابدين حماد
250 ## - بيان الطبعة
بيان الطبعة الاولى
260 ## - PUBLICATION, DISTRIBUTION, ETC. (IMPRINT)
تاريخ النشر أو التوزيع 2010 .
300 ## - الوصف المادى
التعداد 191 ص ؛
أبعاد الوعاء 22 سم
504 ## - تبصرة ببليوجرافية
تبصرة ببليوجرافية,الخ ببليوجرافية : ص 185 - 191
650 04 - المدخل الاضافى بالموضوع-مصطلح موضوعى
مصطلح موضوعي زواج المسيار
650 04 - المدخل الاضافى بالموضوع-مصطلح موضوعى
مصطلح موضوعي الزواج العرفى
650 04 - المدخل الاضافى بالموضوع-مصطلح موضوعى
مصطلح موضوعي الزواج ( الشريعة الاسلامية )
650 04 - المدخل الاضافى بالموضوع-مصطلح موضوعى
مصطلح موضوعي زواج المسيار
التقسيم الفرعي العام شروط
942 ## - عناصر المدخل الإضافي( كوها)
مصدر التصنيف او مخطط الترفيف Dewey Decimal Classification
Koha [default] item type كتاب
260 ## - PUBLICATION, DISTRIBUTION, ETC. (IMPRINT)
-- الرياض :
-- العبيكان للنشر ،
Holdings
حالة التراجع حالة الفقد حالة تلف ليس للاعارة المكان المؤقت الموقع الحالى تاريخ الاكتساب اجمالي اﻻعارات رقم الطلب الباركود تاريخ اخر مشاهدة تاريخ تفعيل السعر نوع وعاء كوها
        مكتبة القاهرة الكبرى مكتبة القاهرة الكبرى 03/26/2015   254.19\ س ز 159906 03/26/2015 03/26/2015 كتاب

Powered By

EGPV